Normal view MARC view
  • Skliar, Carlos

Entry Nombre Personal

Number of records used in: 3

001 - NUMERO DE CONTROL

  • campo de control: 53422

003 - IDENTIFICADOR DE NUMERO DE CONTROL

  • campo de control: DLC

005 - FECHA Y HORA DE LA ÜLTIMA TRANSACCIÓN

  • campo de control: 20240905093437.0

008 - DATOS DE LONGITUD FIJA

  • campo de control de longitud fija: 980806n| azannaabn |n aaa

010 ## - NÚMERO DE CONTROL DE LA BIBLIOTECA DEL CONGRESO

  • Número de control LC: n 98070610

035 ## - NUMERO DE CONTROL

  • Número de control: (OCoLC)oca04788886

040 ## - FUENTE DE CATALOGACIÓN

  • Agencia original de catalogación: DLC
  • Lenguaje de catalogación: spa
  • Description conventions: rda
  • Agencia de transcripción: DLC
  • Agencia que lo modifica: InNd
  • Agencia que lo modifica: DLC
  • Agencia que lo modifica: MX-MxUPN

053 #0 - NÚMERO DE CLASIFICACIÓN LC

  • Número de clasificación elemento-número único o número inicial de tramo: PQ7798.29.K55

100 1# - ENCABEZAMIENTO - NOMBRE PERSONAL

  • Nombre personal: Skliar, Carlos

370 ## - LUGAR ASOCIADO

  • Associated country: Argentina
  • Associated country: Brasil

372 ## - CAMPO DE ACTIVIDAD

  • Field of activity: Educación
  • Field of activity: Literatura argentina
  • Field of activity: Traducción

373 ## - GRUPO ASOCIADO

  • Associated group: FLASCO (Organization). Sede Académica Argentina
  • Associated group: Consejo Nacional de Investigaciones Científicas y Técnicas (Argentina)
  • Fuente del término: naf

374 ## - OCUPACIÓN

  • Occupation: Educador
  • Occupation: Traductor

377 ## - LENGUA ASOCIADA

  • Language code: spa
  • Language code: por

670 ## - FUENTE EN LA QUE SE LOCALIZARON DATOS

  • Cita de la fuente: La educación de los sordos, 1997:
  • Información localizada: portada (Carlos Skliar) p. 4 of cover (especialista en educación especial; profesor en la Universidad Nacional de Cuyo, en la Universidad del Museo Social Argentino, en la Universidad de Belgrano y en la Universidad Federal de Río Grande do Sul, Brasil)

670 ## - FUENTE EN LA QUE SE LOCALIZARON DATOS

  • Cita de la fuente: Derivas, 2012:
  • Información localizada: p. 6 (Carlos Skliar) p. 10 (Facultad Latinoamericana de Ciencias Sociales (FLACSO); Argentina)

670 ## - FUENTE EN LA QUE SE LOCALIZARON DATOS

  • Cita de la fuente: FLACSO Argentina WWW site, viewed January 26, 2023
  • Información localizada: (Skliar, Carlos; principal investigator, CONICET; principal investigator of the Instituto de Investigaciones Sociales de América Latina and the Área de Educación of the Facultad Latinoamericana de Ciencias Sociales--FLACSO Argentina; lists publications in Spanish and Portuguese, including "educational and philosophical essays," poetry, short stories and a translation by him from Italian)
  • Uniform Resource Identifier: https://www.flacso.org.ar/docentes/skliar-carlos/

670 ## - FUENTE EN LA QUE SE LOCALIZARON DATOS

  • Cita de la fuente: Pedagogías de las diferencias : notas, fragmentos, incertidumbres, 2017:
  • Información localizada: portada (Carlos Skliar)

902 ## - CATALOGADOR

  • Catalogador: Víctor Ruiz/050924